000
00316nam a2200121Ia 4500
005
20251222144624.0
008
251222s9999||||xx |||||||||||||| ||spa||
082
_a
270/T78/3
100
_a
Cantalamessa, Raniero
245
0
_a
La Pasqua nella Chiesa Antica
264
_b
Societá Editrice Internazionale
942
_c
LIB
999
_c
16052
_d
16052